The property finance sourcebook 2008 (Record no. 109230)
[ view plain ]
| 000 -LEADER | |
|---|---|
| fixed length control field | 01020cam a22002415a 4500 |
| 001 - CONTROL NUMBER | |
| control field | L146585 |
| 008 - FIXED-LENGTH DATA ELEMENTS--GENERAL INFORMATION | |
| fixed length control field | 090205s2008 xxk f 000 0 eng d |
| 020 ## - INTERNATIONAL STANDARD BOOK NUMBER | |
| International Standard Book Number | 9780728204607 |
| 035 ## - SYSTEM CONTROL NUMBER | |
| System control number | (Sirsi) u146585 |
| 041 0# - LANGUAGE CODE | |
| Language code of text/sound track or separate title | eng |
| 050 04 - LIBRARY OF CONGRESS CALL NUMBER | |
| Classification number | 332.6324 $2 18 |
| 245 04 - TITLE STATEMENT | |
| Title | The property finance sourcebook 2008 |
| 250 ## - EDITION STATEMENT | |
| Edition statement | 5th ed. |
| 260 ## - PUBLICATION, DISTRIBUTION, ETC. | |
| Place of publication, distribution, etc. | London |
| Name of publisher, distributor, etc. | EG Books |
| Date of publication, distribution, etc. | 2008 |
| 300 ## - PHYSICAL DESCRIPTION | |
| Extent | xl, 313p. |
| Dimensions | 25cm. |
| 505 2# - FORMATTED CONTENTS NOTE | |
| Formatted contents note | Introduction -- Glossary of terms -- Lender indices -- Company listings |
| 521 ## - TARGET AUDIENCE NOTE | |
| Target audience note | A directory of UK and overseas lenders which provides information on lenders in the UK commercial property industry, together with detailed loan criteria. Identifies who the lenders are, namely corporate and private banks, building societies, and private mortgage providers, and what type of finance each company caters for. |
| 590 ## - LOCAL NOTE (RLIN) | |
| Local note | KA |
| 651 #4 - SUBJECT ADDED ENTRY--GEOGRAPHIC NAME | |
| Geographic name | International |
| 690 ## - LOCAL SUBJECT ADDED ENTRY--TOPICAL TERM (OCLC, RLIN) | |
| Topical term or geographic name as entry element | PROPERTY-COMMERCIAL PROPERTY-COMMERCIAL PROPERTY FINANCE AND INVESTMENT |
| 700 1# - ADDED ENTRY--PERSONAL NAME | |
| Personal name | Gotzen, Richard von |
| Relator term | Editor |
| 942 ## - ADDED ENTRY ELEMENTS (KOHA) | |
| Suppress in OPAC | 0 |
| Withdrawn status | Lost status | Source of classification or shelving scheme | Damaged status | Not for loan | Home library | Current library | Shelving location | Date acquired | Total Checkouts | Full call number | Barcode | Date last seen | Date last checked out | Copy number | Price effective from | Koha item type |
|---|---|---|---|---|---|---|---|---|---|---|---|---|---|---|---|---|
| Dewey Decimal Classification | London | London | Books | 05/02/2009 | 3 | 332.6324 PRO | 30076442 | 06/08/2019 | 30/11/2009 | 2 | 06/08/2019 | Book |